000 02076nam a22001457a 4500
999 _c524095
_d524095
008 231027b ||||| |||| 00| 0 eng d
100 _aMishra, Himani and Venkatesan, M.
_945043
245 _aPsychological well-being of employees, its precedents and outcomes: A literature review and proposed framework
260 _aManagement and Labour Studies
300 _a48(1), Feb, 2023: p.7-41
520 _aIs the psychological well-being (PWB) of employees essential to be considered by organizations? Does it have an impact on an organization in the long-run? This study attempts to provide a holistic view of literature on PWB and how it has become indispensable for employees and the organization. The study also proposes a framework consisting of precedents and outcomes of PWB of employees in organizations. A review of the literature of 142 studies was done using the Preferred Reporting Items for Systematic Reviews and Meta-Analyses (PRISMA) framework along with the main construct PWB and ten related organizational variables. PWB has been analysed from a eudaimonic perspective. Literature review reveals the scarcity of management literature on the eudaimonic sense of well-being of employees, and how well-being is not distinguished on the basis of its philosophical roots. Our research discusses the variables which have been studied comprehensively in juxtaposition with well-being, and also those variables which are yet to be explored with eudaimonia as the focus. The study is a novel attempt to systematize literature on the under-examined eudaimonic perspective of PWB of employees and its relationship with prominent organizational variables. The study intends to give practitioners and the managers value adding insights into the factors that affect the PWB of employees and also how these factors can be honed for better employee mental health leading to higher organizational returns. – Reproduced https://journals.sagepub.com/doi/abs/10.1177/0258042X221117960
773 _aManagement and Labour Studies
906 _aLABOURS
942 _cAR